000 00570nam a2200145Ia 4500
008 140724s9999 xx 000 0 und d
050 _aBF 637
_b.Ad244 2013
100 _aAdvincula, Maria Catherine J.
245 _aFactors affecting academic performance of selected Psychologyology students of Southville International School and Colleges /
_cMaria Catherine J. Advincula.
260 _aLas PiƱas, Philippines :
_bSouthville International School and Colleges,
_cc2013.
300 _a59 p. :
_bill. ;
_c28 cm.
521 _aPsychology
942 _cTH
999 _c229194
_d229194